Govt. of
Madhya Pradesh

Emotional Intelligence (Record no. 37154)

MARC details
000 -LEADER
fixed length control field 004160000a22001690004500
003 - CONTROL NUMBER IDENTIFIER
control field MACL
005 - DATE AND TIME OF LATEST TRANSACTION
control field 20160119155537.0
008 - FIXED-LENGTH DATA ELEMENTS--GENERAL INFORMATION
fixed length control field 160119b xxu||||| |||| 00| 0 eng d
040 ## - CATALOGING SOURCE
Original cataloging agency MACL
Transcribing agency MACL
041 ## - LANGUAGE CODE
Language code of text/sound track or separate title English
082 ## - DEWEY DECIMAL CLASSIFICATION NUMBER
Classification number 001/GOL
100 ## - MAIN ENTRY--PERSONAL NAME
Personal name Goleman, Daniel
9 (RLIN) 33301
245 ## - TITLE STATEMENT
Title Emotional Intelligence
260 ## - PUBLICATION, DISTRIBUTION, ETC. (IMPRINT)
Name of publisher, distributor, etc. Bantam Books
Date of publication, distribution, etc. 1996
Place of publication, distribution, etc. Canada
650 ## - SUBJECT ADDED ENTRY--TOPICAL TERM
Topical term or geographic name as entry element knowledge
9 (RLIN) 23065
942 ## - ADDED ENTRY ELEMENTS (KOHA)
Koha item type Books
Call number prefix 001/GOL
Source of classification or shelving scheme
Holdings
Withdrawn status Lost status Source of classification or shelving scheme Damaged status Not for loan Home library Current library Date acquired Cost, normal purchase price Total Checkouts Total Renewals Full call number Barcode Date last seen Date last checked out Uniform Resource Identifier Price effective from Koha item type
          MACL MACL 19/01/2016 4.99 2 2 001/GOL CLC003643 04/12/2016 06/11/2016 49858 15/04/2015 Books